MARC details
| 000 -CABECERA |
| campo de control de longitud fija |
01187nam a2200289 a 4500 |
| 003 - IDENTIFICADOR DEL NÚMERO DE CONTROL |
| campo de control |
MX-MxUPN |
| 005 - FECHA Y HORA DE LA ÚLTIMA TRANSACCIÓN |
| campo de control |
20250905182453.0 |
| 007 - CAMPO FIJO DE DESCRIPCIÓN FÍSICA--INFORMACIÓN GENERAL |
| campo de control de longitud fija |
cr |||aaa||||| |
| 008 - ELEMENTOS DE LONGITUD FIJA--INFORMACIÓN GENERAL |
| campo de control de longitud fija |
230330s2002 fr| |||fo|||| 00| 0 eng d |
| 040 ## - FUENTE DE LA CATALOGACIÓN |
| Centro catalogador/agencia de origen |
MX-MxUPN |
| Lengua de catalogación |
spa |
| Centro/agencia transcriptor |
MX-MxUPN |
| Normas de descripción |
aacr2 |
| 041 ## - CÓDIGO DE IDIOMA |
| Código de lengua del texto/banda sonora o título independiente |
eng |
| 050 #4 - SIGNATURA TOPOGRÁFICA DE LA BIBLIOTECA DEL CONGRESO |
| Número de clasificación |
LC1099 |
| 100 1# - ASIENTO PRINCIPAL--NOMBRE PERSONAL |
| 9 (RLIN) |
48619 |
| Nombre de persona |
Byram, Michael |
| 100 1# - ASIENTO PRINCIPAL--NOMBRE PERSONAL |
| 9 (RLIN) |
48620 |
| Nombre de persona |
Gribkova, Bella |
| 100 1# - ASIENTO PRINCIPAL--NOMBRE PERSONAL |
| 9 (RLIN) |
48621 |
| Nombre de persona |
Starkey, Hugh |
| 245 ## - MENCIÓN DE TÍTULO |
| Título |
Developing the intercultural dimension in language teaching : |
| Resto del título |
a practical introduction for teachers |
| Medio |
[recurso electrónico en línea] |
| 260 ## - PUBLICACIÓN, DISTRIBUCIÓN, ETC. |
| Lugar de publicación, distribución, etc. |
Strasbourg : |
| Nombre del editor, distribuidor, etc. |
Council of Europe, |
| Fecha de publicación, distribución, etc. |
2002 |
| 300 ## - DESCRIPCIÓN FÍSICA |
| Extensión |
1 recurso en línea (41 páginas) |
| 500 ## - NOTA GENERAL |
| Nota general |
Es bibliografía básica de la Especialización en Enseñanza y Aprendizaje de inglés como Lengua Extranjera. |
| 506 0# - NOTA DE RESTRICCIONES AL ACCESO |
| Limitaciones de acceso |
Acceso abierto |
| 610 2# - ASIENTO SECUNDARIO DE MATERIA - NOMBRE CORPORATIVO |
| Nombre de entidad corporativa o nombre de jurisdicción como elemento de entrada |
Universidad Pedagógica Nacional (México). |
| Unidad subordinada |
Unidad Ajusco. |
| -- |
Especialización en Enseñanza y Aprendizaje de Inglés como Lengua Extranjera. |
| 650 #4 - ASIENTO SECUNDARIO DE MATERIA - TERMINO TEMATICO |
| Término de materia o nombre geográfico como elemento de entrada |
Educación intercultural |
| 9 (RLIN) |
4812 |
| 650 #4 - ASIENTO SECUNDARIO DE MATERIA - TERMINO TEMATICO |
| 9 (RLIN) |
6150 |
| Término de materia o nombre geográfico como elemento de entrada |
Lenguaje y lenguas |
| Subdivisión general |
Estudio y enseñanza |
| 856 40 - LOCALIZACIÓN Y ACCESO ELECTRÓNICOS |
| Identificador Uniforme del Recurso |
<a href="https://rm.coe.int/16802fc1c3">https://rm.coe.int/16802fc1c3</a> |
| 902 ## - ELEMENTOS DE DATOS B LOCAL, LDB (RLIN) |
| Creó |
VíctorGodínez/300323 |
| 942 ## - ELEMENTOS DE PUNTO DE ACCESO ADICIONAL (KOHA) |
| Fuente del sistema de clasificación o colocación |
Library of Congress Classification |
| Tipo de ítem Koha |
Libro Electrónico |